000 00300pab a2200121 454500
008 180718b xxu||||| |||| 00| 0 eng d
100 _aMajindar, Udayan
245 _aUrban decay - the elusive social justice
650 _a Calcutta
650 _aCities and Towns
773 _aStatesman
909 _a23347
999 _c23347
_d23347